Μέθοδοι στην Κοινωνιολογική Έρευνα (Record no. 4529)
[ view plain ]
| 000 -LEADER | |
|---|---|
| fixed length control field | 02548cam a22001934a 4500 |
| 005 - ΗΜΕΡΟΜΗΝΙΑ ΚΑΙ ΩΡΑ ΤΕΛΕΥΤΑΙΑΣ ΕΝΗΜΕΡΩΣΗΣ | |
| Πεδίο ελέγχου | 20250605164148.0 |
| 008 - FIXED-LENGTH DATA ELEMENTS--GENERAL INFORMATION | |
| Πεδίο ελέγχου σταθερού μήκους | 250528s ||||||||||||||||||||||||d |
| 035 ## - SYSTEM CONTROL NUMBER | |
| System control number | 19264 |
| 020 ## - ISBN | |
| ISBN | 9607643836 |
| 040 ## - ΠΗΓΗ ΚΑΤΑΛΟΓΟΓΡΑΦΗΣΗΣ | |
| Φορέας πρωτότυπης καταλογογράφησης | MC Athens Campus Library |
| Γλώσσα καταλογογράφησης | Ελληνικά, Μοντέρνα (1453-) |
| Modifying agency | MC Athens Campus Library |
| Κανόνες περιγραφικής καταλογογράφησης | AACR2 |
| 245 1# - ΤΙΤΛΟΣ ΚΑΙ ΔΗΛΩΣΗ ΥΠΕΥΘΥΝΟΤΗΤΑΣ | |
| Τίτλος | Μέθοδοι στην Κοινωνιολογική Έρευνα |
| 260 ## - PUBLICATION, DISTRIBUTION, ETC. | |
| Name of publisher, distributor, etc. | Τυπωθήτω, |
| Date of publication, distribution, etc. | 1998 |
| 300 ## - PHYSICAL DESCRIPTION | |
| Extent | 336 |
| 520 ## - SUMMARY, ETC. | |
| Summary, etc. | Ο τόμος αυτός περιέχει επιλεγμένα κείμενα που αναφέρονται στις μεθόδους και τεχνικές της κοινωνικής έρευνας, αναδεικνύοντας διαφορετικές πτυχές της χρήσης τους, σε μια προσπάθεια να τη συσχετίσουν με τους εκάστοτε ερευνητικούς σκοπούς. Εισαγωγή, Απομυθοποιόντας το Μεθοδολογικό Μονισμό, Το Μήνυμα ως Αντικείμενο Ερμηνείας και Ανάλυσης στο Πλαίσιο της Επικοινωνιακής Πράξης, Η Φεμινιστική Κριτική της Παραδοσιακής Επιστημονικής Έρευνας και η Εναλλακτική Πρότασή της, Ζητήματα Μεθόδου στην Κοινωνιολογία της Ανάγνωσης, Το Μέγεθος του Δείγματος στις Κοινωνικές Έρευνες, Αιτίες Διαστρέβλωσης Δεδομένων και ένα Παραμελημένο Μεθοδολογικό Πρόβλημα, Ενδογενής Τοπική Ανάπτυξη - Μια Μεθοδολογική Προσέγγιση, Οι Γραπτές Ιστορικές Πηγές και η Σημασία τους για την Ανθρωπολογική Προσέγγιση των Σύνθετων Κοινωνιών, Η Συμπληρωματικότητα Ποιοτικών και Ποσοτικών Μεθόδων στην Κοινωνιολογική και Εκπαιδευτική Έρευνα, Η Κοινωνιολογική Έρευνα και η Κατασκευή της Κοινωνικής Πραγματικότητας και το Παράδειγμα της Ποσοτικής Προσέγγισης, Τρεις Δεκαετίες Έρευνας στον Χώρο της Ελληνικής Υπαίθρου, Βιογραφικά Συγγραφέων. |
| 700 1# - ΠΡΟΣΘΕΤΗ ΑΝΑΓΡΑΦΗ--ΦΥΣΙΚΟ ΠΡΟΣΩΠΟ | |
| Personal name | Παπαγεωργίου Γιώτα |
| 9 (RLIN) | 5489 |
| 942 ## - ADDED ENTRY ELEMENTS (KOHA) | |
| Koha item type | Books |
| Τύπος τεκμηρίου | Βιβλιοθήκη | Τρέχουσα τοποθεσία | Barcode | Αριθμός εισαγωγής | Ημερομηνία απόκτησης | Ταξιθετικό σύμβολο | Αριθμός αντιτύπου | Κατάσταση απόσυρσης | Κατάσταση χαμένου | Κατάσταση κατεστραμμένου | Μη δανεισμός | Σύνολο δανεισμών | Ημερομηνία τελευταίας εμφάνισης | Η τιμή ισχύει από |
|---|---|---|---|---|---|---|---|---|---|---|---|---|---|---|
| Books | MC Athens Campus Library | MC Athens Campus Library | 9780000045287 | 5256 | 05/06/2025 | 301 PAP | 1 | 05/06/2025 | 05/06/2025 |